000 00642nam a22001937a 4500
003 AM-YeHGA
005 20250617154320.0
008 180724b ||||| |||| 00| 0 rus d
040 _aAM-YeHGA
041 0 _arus
100 1 _aРыленков, Николай Иванович
245 1 0 _aЛирика /
_cНиколай Рыленков.
260 _aМосква :
_bСоветская Россия,
_c1958.
300 _a143 с.
440 0 _aБиблиотечка "Художественная самодеятельность"
_v№ 11
650 1 4 _aРусская литература
942 _2udc
_cBK
090 _c411543
999 _c409260
_d409260